| LEADER | 01476nam a2200217 4500 | ||
|---|---|---|---|
| 082 | |a 782.4209597 |b D561V | ||
| 100 | |a Dương Viết Chiến | ||
| 245 | |a Ngược chiều sơn cước |c Dương Viết Chiến | ||
| 260 | |a Huế. |b Thuận Hoá |c 2005 | ||
| 300 | |a 46tr. |c 19cm | ||
| 520 | |a v...v | ||
| 653 | |a Âm nhạc | ||
| 653 | |a Bài hát | ||
| 653 | |a Việt Nam | ||
| 942 | |2 ddc |c STK0 | ||
| 999 | |c 1089 |d 1089 | ||
| 952 | |0 0 |1 0 |2 ddc |4 0 |6 782_420959700000000_D561V |7 1 |8 700 |9 19487 |a qbu |b qbu |c D5 |d 2014-12-04 |g 25000 |o 782.4209597 D561V |p 4844.C1 |r 0000-00-00 |w 2014-12-04 |y STK0 |0 0 |6 782_420959700000000_D561V | ||
| 952 | |0 0 |1 0 |2 ddc |4 0 |6 782_420959700000000_D561V |7 0 |8 700 |9 19488 |a qbu |b qbu |c D5 |d 2014-12-04 |g 25000 |o 782.4209597 D561V |p 4844.C2 |r 0000-00-00 |w 2014-12-04 |y STK0 |0 0 |6 782_420959700000000_D561V |0 0 |6 782_420959700000000_D561V | ||
| 952 | |0 0 |1 0 |2 ddc |4 0 |6 782_420959700000000_D561V |7 0 |8 700 |9 19489 |a qbu |b qbu |c D5 |d 2014-12-04 |g 25000 |o 782.4209597 D561V |p 4844.C3 |r 0000-00-00 |w 2014-12-04 |y STK0 |0 0 |6 782_420959700000000_D561V |0 0 |6 782_420959700000000_D561V | ||
| 952 | |0 0 |1 0 |2 ddc |4 0 |6 782_420959700000000_D561V |7 0 |8 700 |9 19490 |a qbu |b qbu |c D5 |d 2014-12-04 |g 25000 |o 782.4209597 D561V |p 4844.C4 |r 0000-00-00 |w 2014-12-04 |y STK0 |0 0 |6 782_420959700000000_D561V |0 0 |6 782_420959700000000_D561V | ||
| 952 | |0 0 |1 0 |2 ddc |4 0 |6 782_420959700000000_D561V |7 0 |8 700 |9 19491 |a qbu |b qbu |c D5 |d 2014-12-04 |g 25000 |o 782.4209597 D561V |p 4844.C5 |r 0000-00-00 |w 2014-12-04 |y STK0 |0 0 |6 782_420959700000000_D561V |0 0 |6 782_420959700000000_D561V | ||